| 000 | 02744cam a2200469 a 4500 | ||
|---|---|---|---|
| 001 | 14546640 | ||
| 005 | 20080505114845.0 | ||
| 008 | 060912s2007 nju b 001 0 eng | ||
| 010 | _a 2006030034 | ||
| 015 |
_aGBA736822 _2bnb |
||
| 016 | 7 |
_a013745984 _2Uk |
|
| 020 | _a9780691127279 (hbk. : alk. paper) | ||
| 020 | _a0691127271 (hbk. : alk. paper) | ||
| 035 | _a(OCoLC)ocm71350472 | ||
| 035 | _a(OCoLC)71350472 | ||
| 040 |
_aDLC _cDLC _dDLC |
||
| 043 |
_aawba--- _ama----- |
||
| 050 | 0 | 0 |
_aJQ1850.A91 _bJ346 2007 |
| 082 | 0 | 0 |
_a300.9174927 _222 _bJAM |
| 100 | 1 |
_aJamal, Amaney A., _d1970- |
|
| 245 | 1 | 0 |
_aBarriers to democracy : _bThe other side of social capital in Palestine and the Arab world / _cAmaney A. Jamal. |
| 260 |
_aPrinceton, N.J. : _bPrinceton University Press, _cc2007. |
||
| 300 |
_axii, 173 p. ; _c24 cm. |
||
| 504 | _aIncludes bibliographical references and index. | ||
| 505 | 0 | _aIntroduction: Democratic outcomes and associational life -- Associational life in the centralized authoritarian context of the West Bank -- The polarization of Palestinian associational life -- Trust, engagement, and democracy -- Beyond Palestine : Morocco, Jordan, and Egypt -- Conclusion: Toward a theory of democratic citizenship in state-centralized nations -- Appendix A: Survey questions and coding of associational members -- Appendix B: Survey questions and coding of general Palestinian population -- Appendix C: Survey questions and coding of general Moroccan population (World Values Survey Questions). | |
| 650 | 0 |
_aCivil society _zArab countries. |
|
| 650 | 0 |
_aCivil society _zWest Bank. |
|
| 650 | 0 |
_aPolitical participation _zArab countries. |
|
| 650 | 0 |
_aPolitical participation _zWest Bank. |
|
| 650 | 0 |
_aSocial capital (Sociology) _zArab countries. |
|
| 650 | 0 |
_aSocial capital (Sociology) _zWest Bank. |
|
| 650 | 0 |
_aAssociations, institutions, etc. _zArab countries. |
|
| 650 | 0 |
_aAssociations, institutions, etc. _zWest Bank. |
|
| 650 | 0 |
_aAuthoritarianism _zArab countries. |
|
| 650 | 0 |
_aAuthoritarianism _zWest Bank. |
|
| 856 | 4 | 1 |
_3Table of contents only _uhttp://www.loc.gov/catdir/toc/ecip0620/2006030034.html |
| 856 | 4 | 2 |
_3Publisher description _uhttp://www.loc.gov/catdir/enhancements/fy0704/2006030034-d.html |
| 856 | 4 | 2 |
_3Contributor biographical information _uhttp://www.loc.gov/catdir/enhancements/fy0734/2006030034-b.html |
| 942 |
_2ddc _cBB |
||
| 999 |
_c11071 _d11071 |
||